000 00675nam a2200241Ia 4500
003 OSt
005 20220918185808.0
006 a|||||r|||| 00| 0
007 ta
008 220917b |||||||| |||| 00| 0 eng d
024 _a52,806
037 _cTextual
040 _aARTS
_cARTS
_beng
041 _2eng
_aeng
082 _aP13:26, L5
100 _aLightfoot D
_970290
245 0 _aNatural logic and the Greek moods
_b The Nature of the subjecive and optative in classical Greek
260 _aMouton
_bThe Hague
_c1974
300 _a149p.
_ccm.
650 _aLINGUISTICS
942 _hP13:26, L5
_cTEXL
_2CC
999 _c182164
_d182164